000 01794cab a2200217 4500
001 ABS67941
008 040623n2004 000 0 eng u
035 _a(Sirsi) u126592
100 _aBrewer, G.
245 _aAll-risk insurance
260 _c2004
490 _aContract Journal
_v423(6478) 3 June 2004, 42(1)
520 _aDiscusses "BP Exploration Operating Co Ltd v Kvaerner Oilfield Products Ltd and another" ([2004] EWHC 999 (Comm); [2004] AII ER (D) 87 (May)), which examined whether a contractor will be protected as an insured party under a construction all-risks policy procured by the operator. The dispute arose out of development works carried out by Kvearner (K) for BP at the North Sea oil fields. When faults were discovered, BP alleged the faults had given rise to physical loss or damage to adjacent equipment. Part of the total claim of more than £13.5m insurance claim was paid under an all-risks policy. The insurer commenced proceedings against K under its subrogation rights. K claimed it should be covered by the same policy as BP. The essential issue to be determined were whether BP, under its contract with K, undertook to procure insurance cover for K which was sufficiently extensive in scope to cover the loss and damage claimed by BP against K. Concludes K was entitled to the benefit of the insurance cover provided by BP's policy and that the subrogated claim made by the insurer would fail, because BP was obliged to provide K with an all-risks policy which was co-extensive with that which was available to BP.
590 _aABS
590 _aABS
650 _aBP EXPLORATION OPERATING CO LTD V KVAERNER OILFIELD PRODUCTS LTD AND ANOTHER
650 _aSUBROGATION
650 _aALL RISK INSURANCE
690 _aINSURANCE-CASE LAW
942 _n0
999 _c74438
_d74438